=LDR 00000nam 2200000 4500 =001 INLIS000000000024071 =005 20130612122700 =008 ***********************************Ind** =035 ##$$0010-061300000024071 =041 ##$$a Ind =082 ##$$a 616.54 =090 ##$$a 616.54, Sir a =100 ##$$a Siregar =245 ##$$a Saripati penyakit kulit, Siregar =260 ##$$a 2004 $b Jakarta =300 ##$$a 325 hlm, 27 cm =650 ##$$a Penyakt kulit =850 ##$$a NBPNMAT